[Event "IECC CL3-2003.21 email"]
[Site "IECC email"]
[Date "2003.09.08"]
[Round "?"]
[White "Stepanyants, Anatoly Lorenovich"]
[Black "Rodrigues, Luis Nuno"]
[Result "0-1"]
[WhiteElo "1974"]
[BlackElo "1953"]
[PlyCount "58"]
[EventDate "2003.??.??"]
[EventType "tourn (corr)"]
[EventRounds "4"]
[SourceTitle "Corr 2008"]
[Source "ChessBase"]
[SourceDate "2008.06.24"]
[SourceVersion "1"]
[SourceVersionDate "2008.06.24"]
[SourceQuality "1"]

1. d4 Nf6 2. c4 e6 3. Nc3 Bb4 4. f3 d5 5. a3 Bxc3+ 6. bxc3 0-0 7. e3 c6 8. cxd5 exd5 9. Bd3 b6 10. Ne2 Ba6 11. 0-0 Re8 12. Ng3 c5 13. e4 dxe4 14. Nxe4 Nxe4 15. Bxe4 Rxe4 16. fxe4 Bxf1 17. Kxf1 Nc6 18. Be3 Qh4 19. dxc5 Qxe4 20. Qf3 Qd3+ 21. Kf2 Re8 22. cxb6 Ne5 23. Qe2 Ng4+ 24. Qxg4 Qxe3+ 25. Kf1 Re6 26. g3 Rf6+ 27. Kg2 Rf2+ 28. Kh1 Qxc3 29. Kg1 Qc5 0-1

[Event "IECC CL2-2003.07 email"]
[Site "IECC email"]
[Date "2003.02.11"]
[Round "?"]
[White "Francisco, Raul R"]
[Black "Stepanyants, Anatoly Lorenovich"]
[Result "1-0"]
[WhiteElo "1953"]
[BlackElo "2005"]
[PlyCount "63"]
[EventDate "2003.??.??"]
[EventType "tourn (corr)"]
[EventRounds "4"]
[SourceTitle "Corr 2008"]
[Source "ChessBase"]
[SourceDate "2008.06.24"]
[SourceVersion "1"]
[SourceVersionDate "2008.06.24"]
[SourceQuality "1"]

1. d4 Nf6 2. c4 e6 3. Nc3 c5 4. d5 exd5 5. cxd5 d6 6. e4 g6 7. f4 Bg7 8. Nf3 0-0 9. Be2 Re8 10. e5 dxe5 11. fxe5 Ng4 12. 0-0 Nxe5 13. Bf4 Nbd7 14. d6 Nxf3+ 15. Bxf3 Bd4+ 16. Kh1 Ne5 17. Nb5 Nxf3 18. Qxf3 Bxb2 19. Rab1 Bg7 20. Nc7 Bf5 21. Nxe8 Qxe8 22. Rxb7 Rd8 23. Rxa7 Bd4 24. Re7 Qb5 25. Bg5 Qc4 26. Rc1 Qxa2 27. Re2 Qa5 28. Bxd8 Qxd8 29. Qc6 Be6 30. Rb1 Qf6 31. d7 Kg7 32. Rxe6 1-0